Ten Biggest and Ten Smallest Countries of America by Population - Statistics

General Stats
  • This quiz has been taken 49 times
  • The average score is 19 of 20
Answer Stats
# Country Population % Correct
5 Argentina 45.630.699
98%
2 Brazil 215.802.222
98%
9 Chile 19.615.038
98%
3 Mexico 127.984.117
98%
1 United States 339.080.235
98%
6 Canada 38.617.808
96%
4 Colombia 51.959.221
96%
7 Peru 34.187.465
96%
8 Venezuela 28.555.733
96%
9 Bahamas 411.321
94%
1 Saint Kitts and Nevis 47.706
94%
6 Saint Lucia 172.822
94%
2 Dominica 72.875
92%
4 Saint Vincent and the Grenadines 103.784
92%
3 Antigua and Barbuda 94.038
90%
7 Barbados 281.830
90%
8 Belize 407.898
90%
5 Grenada 125.822
90%
10 Ecuador 18.096.554
88%
10 Suriname 620.437
85%
No matching quizzes found
Score Distribution
Percent of People with Each Score
Percentile by Number Answered
Your Score History
You have not taken this quiz